Syndrom vyhoření: v Česku je ohrožen každý třetí člověk

Je to stav, keď človek príde na koniec svojich psychických a často aj fyzických síl a nie je schopný fungovať tak, ako sa od neho očakáva. Syndróm vyhorenia prináša citeľné finančné straty a komplikácie aj firmám - čím vyššie postavený človek si ním prechádza, tým je situácia obtiažnejšia. Typy ľudí...

Ausführliche Beschreibung

Gespeichert in:
Bibliographische Detailangaben
1. Verfasser: Červenková, Alena
Format: Buchkapitel
Sprache:Tschechisch
Schlagworte:
Tags: Tag hinzufügen
Keine Tags, Fügen Sie das erste Tag hinzu!

MARC

LEADER 00000naa a2200000 4500
001 0215118
005 20231113135256.5
041 0 |a cze 
044 |a CZ 
245 1 0 |a Syndrom vyhoření: v Česku je ohrožen každý třetí člověk  |c Alena Červenková 
520 |a Je to stav, keď človek príde na koniec svojich psychických a často aj fyzických síl a nie je schopný fungovať tak, ako sa od neho očakáva. Syndróm vyhorenia prináša citeľné finančné straty a komplikácie aj firmám - čím vyššie postavený človek si ním prechádza, tým je situácia obtiažnejšia. Typy ľudí so sklonom k vyhoreniu. 
610 2 0 |a pracovníci 
610 2 0 |a pracovníci vedúci 
610 2 0 |a syndróm vyhorenia 
100 1 |a Červenková, Alena